Tratado elemental de derecho romano/Eugéne Petit;traducción de José Fernández González (Registro nro. 18646)

Detalles MARC
000 -LEADER
fixed length control field 00495nam a22001931a 4500
001 - CONTROL NUMBER
control field 18646
003 - CONTROL NUMBER IDENTIFIER
control field OSt
005 - DATE AND TIME OF LATEST TRANSACTION
control field 20260204212415.0
008 - FIXED-LENGTH DATA ELEMENTS--GENERAL INFORMATION
fixed length control field 180414s2011||||mx ||||||b||||||||||spa||
020 ## - NUMERO DE LIBRO INTERNACIONAL NORMALIZADO
International Standard Book Number 9993444421
082 ## - DEWEY DECIMAL CLASSIFICATION NUMBER
Classification number 340.54 P444t
100 ## - ASIENTO PRINCIPAL -- NOMBRE PERSONAL
Personal name Petit,Eugéne
245 ## - TÍTULO PROPIAMENTE DICHO: SUBTÍTULO
Title Tratado elemental de derecho romano/Eugéne Petit;traducción de José Fernández González
250 ## - MENCIÓN DE EDICIÓN
Edition statement 2
264 ## - PRODUCTION, PUBLICATION, DISTRIBUTION, MANUFACTURE, AND COPYRIGHT NOTICE
Place of production, publication, distribution, manufacture México:Nacional
300 ## - PHYSICAL DESCRIPTION
Extensión 532 p
650 ## - ASIENTO SECUNDARIO DE MATERIA -- TERMINO TEMÁTICO
Termino Temático Como Elemento de Entrada Derecho RomanoÌ
942 ## - ADDED ENTRY ELEMENTS (KOHA)
Source of classification or shelving scheme Dewey Decimal Classification
Koha item type Libros
Existencias
Withdrawn status Lost status Source of classification or shelving scheme Damaged status Not for loan Current library Date acquired Total Checkouts Full call number Barcode Date last seen Price effective from Koha item type
    Dewey Decimal Classification     Biblioteca UTECO 09/09/2019   340.54 P444T 018065 09/09/2019 09/09/2019 Libros
    Dewey Decimal Classification     Biblioteca UTECO 09/09/2019   340.54 P444T 018066 09/09/2019 09/09/2019 Libros
    Dewey Decimal Classification     Biblioteca UTECO 09/09/2019   340.54 P444T 018067 09/09/2019 09/09/2019 Libros
    Dewey Decimal Classification     Biblioteca UTECO 09/09/2019   340.54 P444T 018068 09/09/2019 09/09/2019 Libros
© 2021 Derechos Reservados UTECO - Teléfono: +1 809-585-2291 - Correo electrónico: biblioteca@uteco.edu.do​  
Código postal 43000 ​​
Dirección: Avenida Universitaria No. 100, 
Cotuí, Provincia Sánchez Ramírez, República Dominicana - RNC: 404-00059-6